Yearbook of Industrial Statistics 1980

Saved in:
Bibliographic Details
Format: Book
Language:English
Published: New York United Nations 1982
Edition:1. ed.
Tags: Add Tag
No Tags, Be the first to tag this record!

MARC

LEADER 00000nam a2200000 4500
001 c024395
005 20221220100129.2
041 0 |a eng 
044 |a US 
245 1 0 |a Yearbook of Industrial Statistics 1980 
250 |a 1. ed. 
264 1 |a New York  |b United Nations  |c 1982 
300 |a 2 zv.